000 00435nam a2200181Ia 4500
001 20854
005 20260306172836.0
008 260306t2015||||xx |||||||||||||| ||spa||
041 _aESP
082 _a343.8
_bH83 P. 2
100 _aHuamaní Cueva, Rosendo
_eAUT
245 0 _aCódigo tributario comentado
260 _c2015
300 _a1917 páginas :
_c24 cm.
650 _aGEN
654 _aCCO
942 _cLIB
_dJUS
_fJUS
_2ddc
_n
999 _c20854
_d20854